Hóa học công nghệ và môi trường Giáo trình dùng cho các trường cao đẳng sư phạm
Guardat en:
| Autor principal: | |
|---|---|
| Altres autors: | , , |
| Format: | Llibre |
| Idioma: | Vietnamese |
| Publicat: |
Hà Nội
Giáo Dục
2001
|
| Matèries: | |
| Etiquetes: |
Afegir etiqueta
Sense etiquetes, Sigues el primer a etiquetar aquest registre!
|
| Thư viện lưu trữ: | Trung tâm Học liệu Lê Vũ Hùng, Trường Đại học Đồng Tháp |
|---|
| LEADER | 01340pam a22003138a 4500 | ||
|---|---|---|---|
| 001 | 00041133 | ||
| 005 | 20180402140435.0 | ||
| 008 | 110629s1999 ||||||viesd | ||
| 020 | # | # | |a 18600đ |
| 041 | 0 | # | |a vie |
| 082 | 1 | 4 | |a 363.7 |b H401H |
| 100 | 0 | # | |a Trần Thị Bính |
| 245 | 0 | 0 | |a Hóa học công nghệ và môi trường |b Giáo trình dùng cho các trường cao đẳng sư phạm |c Trần Thị Bính, Phùng Tiến Đạt, Lê Viết Phùng, Phạm Văn Thưởng |
| 260 | # | # | |a Hà Nội |b Giáo Dục |c 2001 |
| 300 | # | # | |a 360tr. |c 21cm. |
| 500 | # | # | |a ĐTTS ghi:Bộ GD và ĐT |
| 653 | # | # | |a Công nghệ |
| 653 | # | # | |a Giáo trình |
| 653 | # | # | |a Nông nghiệp |
| 653 | # | # | |a Môi trường |
| 653 | # | # | |a Hoá học |
| 700 | 0 | # | |a Lê Viết Phùng |
| 700 | 0 | # | |a Phùng Tiến Đạt |
| 700 | 0 | # | |a Phạm Văn Thưởng |
| 852 | # | # | |j KD.0023432 |
| 852 | # | # | |b Kho mượn |j KGT.0006516 |
| 852 | # | # | |b Kho giáo trình |j KGT.0006516, KGT.0006517, KGT.0006518, KGT.0006519, KGT.0006520, KGT.0006521, KGT.0006522, KGT.0006523, KGT.0006524, KGT.0006525, KGT.0032431, KGT.0032605, KGT.0032770, KGT.0032874, KGT.0033125, KGT.0033766, KGT.0047500 |
| 910 | |d 02/04/2018 | ||
| 980 | # | # | |a Trung tâm Học liệu Lê Vũ Hùng, Trường Đại học Đồng Tháp |